000 00629nam a2200253Ia 4500
005 20260306152736.0
008 008 260114s9999 xx 000 0 eng d
020 _a9789348621306
037 _aEBOOK
040 _aCRL
040 _beng
040 _cCRL
041 _2eng
041 _aeng
084 _qCRL
100 _aAfroze Eqbal
_91124183
245 0 _aGandhian Theory of Social Reconstruction
260 _bAnmol Publications Pvt. Ltd.
260 _c2015
856 _uhttps://www.asapglobe.com/searchtitles.aspx?query=9789348621306
942 _cEBOOK
999 _c1701342
_d1701342